Geologic map of the Henry quadrangle, Tennessee /

Bibliographic Details
Main Author: Ferguson, Carl C.
Corporate Authors: Geological Survey (U.S.), Tennessee Valley Authority, Tennessee. Division of Geology
Format: Map
Language:English
Published: Nashville, Tenn. : Division of Geology, 1969.
Series:Geologic map (Tennessee. Division of Geology) ; GM 9-NW.
Subjects:

MARC

Tag First Indicator Second Indicator Subfields
LEADER 00000cem a2200000Ia 4500
001 in00002361449
005 20151108084434.0
007 aj canzn
008 940416s1969 tnuag a s 1 eng d
034 1 |a a  |b 24000  |d W0883000  |e W0882230  |f N0361500  |g N0360730 
035 |a (OCoLC)ocm30206841 
035 |a (OCoLC)30206841 
040 |a UUM  |c UUM  |d OCL  |d OCLCQ  |d TXA  |d UtOrBLW 
043 |a n-us-tn 
049 |a TXAM 
052 |a 3963  |b H55  |b C3 
090 |a G3961.C5 s24  |b .T46 no.GM 9-NW 
100 1 |a Ferguson, Carl C. 
245 1 0 |a Geologic map of the Henry quadrangle, Tennessee /  |c by Carl C. Ferguson, Jr. ; prepared in cooperation with Tennessee Valley Authority. 
255 |a Scale 1:24,000  |c (W 88⁰30ʹ00ʺ--W 88⁰22ʹ30ʺ/N 36⁰15ʹ00ʺ--N 36⁰07ʹ30ʺ). 
264 1 |a Nashville, Tenn. :  |b Division of Geology,  |c 1969. 
300 |a 1 map :  |b color ;  |c 58 x 47 cm. +  |e pamphlet (14 pages ; 23 cm.) 
336 |a cartographic image  |b cri  |2 rdacontent 
337 |a unmediated  |b n  |2 rdamedia 
338 |a sheet  |b nb  |2 rdacarrier 
490 1 |a Geologic map ;  |v GM 9-NW 
500 |a Title of pamphlet: Mineral resources summary of the Henry quadrangle, Tennessee. 
500 |a Issued in envelope with title: Geologic map and mineral resources summary of the Henry quadrangle, Tennessee. 
500 |a Relief shown by contours and spot heights. 
500 |a Base topographic map by USGS. 
500 |a Includes location map. 
500 |a Cartographic material. 
650 0 |a Geology  |z Tennessee  |z Henry County  |v Maps. 
650 0 |a Geology  |z Tennessee  |z Carroll County  |v Maps. 
650 0 |a Mines and mineral resources  |z Tennessee  |z Henry County  |v Maps. 
650 0 |a Mines and mineral resources  |z Tennessee  |z Carroll County  |v Maps. 
710 2 |a Geological Survey (U.S.) 
710 2 |a Tennessee Valley Authority. 
710 1 |a Tennessee.  |b Division of Geology. 
740 0 |a Mineral resources summary of the Henry quadrangle, Tennessee. 
740 0 |a Geologic map and mineral resources summary of the Henry quadrangle, Tennessee. 
740 0 |a Henry quadrangle, Tennessee, geologic map. 
830 0 |a Geologic map (Tennessee. Division of Geology) ;  |v GM 9-NW. 
948 |a cataloged  |b h  |c 2008/2/20  |d c  |e jgreene  |f 9:45:52 am 
994 |a C0  |b TXA 
999 |a MARS 
999 f f |s bd5fbbee-9a39-35d3-adaf-58dcae8dd7e9  |i 38376201-74e2-398b-ac93-951301cd5625  |t 0 
952 f f |p normal  |a Texas A&M University  |b College Station  |c Sterling C. Evans Library  |d Evans: Maps (2nd floor)  |t 0  |e G3961.C5 s24 .T46 no.GM 9-NW  |h Library of Congress classification  |i unmediated -- sheet  |k text  |m A14834392347 
952 f f |p normal  |a Texas A&M University  |b College Station  |c Sterling C. Evans Library  |d Evans: Maps (2nd floor)  |t 0  |e G3961.C5 s24 .T46 no.GM 9-NW  |h Library of Congress classification  |i unmediated -- sheet  |m A14834395599 
998 f f |a G3961.C5 s24 .T46 no.GM 9-NW  |t 0  |l Evans: Maps (2nd floor)